[Event "Subotica Interzonal"]
[Site "Subotica"]
[Date "1987.??.??"]
[Round "4"]
[White "Sax, Gyula"]
[Black "Short, Nigel D"]
[Result "1-0"]
[WhiteElo "2565"]
[BlackElo "2615"]

1.e4 e5 2.Nf3 Nc6 3.Bb5 a6 4.Ba4 Nf6 5.O-O Be7 6.Re1 b5 7.Bb3 d6 8.c3 O-O
9.h3 Bb7 10.d4 Re8 11.a4 h6 12.Nbd2 Bf8 13.Bc2 exd4 14.cxd4 Nb4 15.Bb1 c5
16.d5 Nd7 17.Ra3 c4 18.Nd4 Ne5 19.axb5 Qb6 20.Nxc4 Nxc4 21.Rg3 Bc8 22.Bxh6 axb5
23.Nf3 Ra1 24.Ng5 Rxb1 25.Qxb1 gxh6 26.Ne6+ Kh8 27.Nxf8 Rxf8 28.Qc1 Kh7 29.Qc3 Ne5
30.Qxb4 Bd7 31.Qd2 Nc4 32.Qd1 b4 33.b3 Ne5 34.Kh2 Qxf2 35.Rf1 Qb2 36.Qh5 f6
37.Rf4 Qd2 38.Qxh6+  1-0